Des torrents de papier. Catholicisme et lectures populaires au XIXe siècle De Loïc ARTIAGA Par Jean-Pierre BACOT (notice n° 1660477)

détails MARC
000 -LEADER
fixed length control field 01928cam a2200169 4500500
005 - DATE AND TIME OF LATEST TRANSACTION
control field 20260208013604.0
041 ## - LANGUAGE CODE
Language code of text/sound track or separate title fre
042 ## - AUTHENTICATION CODE
Authentication code dc
100 10 - MAIN ENTRY--PERSONAL NAME
Personal name Bacot, Jean-Pierre
Relator term author
245 00 - TITLE STATEMENT
Title Des torrents de papier. Catholicisme et lectures populaires au XIXe siècle De Loïc ARTIAGA Par Jean-Pierre BACOT
260 ## - PUBLICATION, DISTRIBUTION, ETC.
Date of publication, distribution, etc. 2008.<br/>
500 ## - GENERAL NOTE
General note 35
520 ## - SUMMARY, ETC.
Summary, etc. Des outils, assortis de méthodologies permettent désormais de travailler sur des corpus que l’on croyait inaccessibles à la recherche sociologique et politiste. Ainsi en va-t-il ici d’une photographie du contenu des nombreux sites qui ont concerné en France le Traité Constitutionnel Européen, rejeté par référendum le 31 mai 2005. Analysant le recueil des données et des acteurs, grâce à un outil, le crawl, détaillant les nécessités de sa configuration, l’auteur en vient ensuite à étudier comment furent constituées et alimentées les communautés du « oui » et du « non » et ce que furent les interactions entre le deux.
520 ## - SUMMARY, ETC.
Summary, etc. THE WEB AND THE EUROPEAN CONSTITUTIONAL TREATY Ecology of a competitive thematic locality Today’s tools and methodologies enable researchers to work on material that was formerly believed to be inaccessible to sociological and political research. This is the case here of a photograph of the content of many sites in France concerning the European Constitutional Treaty which French voters refused in the 31 May 2005 referendum. The author uses a tool, the crawl, to analyse the corpus of data and the actors, and describes the necessities of its configuration. He then examines the way in which the communities of “Yeses” and “No’s” were constituted and fuelled, and the interactions between the two.
786 0# - DATA SOURCE ENTRY
Note Réseaux | 147 | 1 | 2008-04-29 | p. 259d-276d | 0751-7971
856 41 - ELECTRONIC LOCATION AND ACCESS
Uniform Resource Identifier <a href="https://shs.cairn.info/revue-reseaux1-2008-1-page-259d?lang=fr&redirect-ssocas=7080">https://shs.cairn.info/revue-reseaux1-2008-1-page-259d?lang=fr&redirect-ssocas=7080</a>

Pas d'exemplaire disponible.

PLUDOC

PLUDOC est la plateforme unique et centralisée de gestion des bibliothèques physiques et numériques de Guinée administré par le CEDUST. Elle est la plus grande base de données de ressources documentaires pour les Étudiants, Enseignants chercheurs et Chercheurs de Guinée.

Adresse

627 919 101/664 919 101

25 boulevard du commerce
Kaloum, Conakry, Guinée

Réseaux sociaux

Powered by Netsen Group @ 2025